<?xml version="1.0" encoding="UTF-8"?>
<record
    xmlns:xsi="http://www.w3.org/2001/XMLSchema-instance"
    xsi:schemaLocation="http://www.loc.gov/MARC21/slim http://www.loc.gov/standards/marcxml/schema/MARC21slim.xsd"
    xmlns="http://www.loc.gov/MARC21/slim">

  <leader>01280njm a22003137a 4500</leader>
  <controlfield tag="005">20100913100347.0</controlfield>
  <controlfield tag="007">sd ammalaaahaa</controlfield>
  <controlfield tag="008">100913t        xxu||||| |||| 00| 0 hin d</controlfield>
  <datafield tag="028" ind1=" " ind2=" ">
    <subfield code="a">7EPE. 7653</subfield>
    <subfield code="b">His Master's Voice</subfield>
  </datafield>
  <datafield tag="035" ind1=" " ind2=" ">
    <subfield code="a">GR-03203</subfield>
  </datafield>
  <datafield tag="040" ind1=" " ind2=" ">
    <subfield code="a">SED/VEN</subfield>
  </datafield>
  <datafield tag="100" ind1=" " ind2=" ">
    <subfield code="9">19606</subfield>
    <subfield code="a">Mangeshkar, Lata</subfield>
  </datafield>
  <datafield tag="245" ind1=" " ind2=" ">
    <subfield code="a">Kranti /</subfield>
    <subfield code="c">by Lata Mangeshkar [and] Nitin Mukesh ; music by Laxmikant Pyarelal ; lyric by Santosh Anand</subfield>
    <subfield code="h">[sound recording] :</subfield>
  </datafield>
  <datafield tag="246" ind1=" " ind2=" ">
    <subfield code="a">&#x915;&#x94D;&#x930;&#x93E;&#x902;&#x924;&#x93F;  (&#x932;&#x924;&#x93E; &#x92E;&#x902;&#x917;&#x947;&#x936;&#x915;&#x930; &#x914;&#x930; &#x928;&#x93F;&#x924;&#x93F;&#x928; &#x92E;&#x941;&#x915;&#x947;&#x936;)</subfield>
  </datafield>
  <datafield tag="260" ind1=" " ind2=" ">
    <subfield code="a">Dum Dum, India</subfield>
    <subfield code="b">His Master's Voice</subfield>
    <subfield code="c">1980</subfield>
  </datafield>
  <datafield tag="300" ind1=" " ind2=" ">
    <subfield code="a">1 sound disc [Gramophone record] :</subfield>
    <subfield code="b">analog, 45 rpm</subfield>
    <subfield code="c">7 in. </subfield>
    <subfield code="f">Gramophone record</subfield>
  </datafield>
  <datafield tag="500" ind1=" " ind2=" ">
    <subfield code="a">Brief record.</subfield>
  </datafield>
  <datafield tag="500" ind1=" " ind2=" ">
    <subfield code="a">His Master's Voice</subfield>
  </datafield>
  <datafield tag="500" ind1=" " ind2=" ">
    <subfield code="a">Orange</subfield>
  </datafield>
  <datafield tag="500" ind1=" " ind2=" ">
    <subfield code="a">Extended Play</subfield>
  </datafield>
  <datafield tag="505" ind1=" " ind2=" ">
    <subfield code="a">Part 1, Zindagi ki na toote ladi (Kranti ) (Lata Mangeshkar) Part 2 Chana jor garam (Lata Mangeshkar &amp; Mohd. Rafi) </subfield>
  </datafield>
  <datafield tag="650" ind1=" " ind2=" ">
    <subfield code="a">Classical music</subfield>
    <subfield code="x">Excerpts</subfield>
    <subfield code="z">India</subfield>
    <subfield code="9">19607</subfield>
    <subfield code="v">Filmi song</subfield>
  </datafield>
  <datafield tag="700" ind1=" " ind2=" ">
    <subfield code="9">20331</subfield>
    <subfield code="a">Nitin Mukesh</subfield>
  </datafield>
  <datafield tag="700" ind1=" " ind2=" ">
    <subfield code="a">Mohd. Rafi</subfield>
    <subfield code="9">20487</subfield>
  </datafield>
  <datafield tag="700" ind1=" " ind2=" ">
    <subfield code="a">Laxmikant Pyarelal  </subfield>
    <subfield code="9">20546</subfield>
  </datafield>
  <datafield tag="700" ind1=" " ind2=" ">
    <subfield code="a">Santosh Anand</subfield>
    <subfield code="9">20547</subfield>
  </datafield>
  <datafield tag="942" ind1=" " ind2=" ">
    <subfield code="2">ddc</subfield>
    <subfield code="c">GR</subfield>
  </datafield>
  <datafield tag="999" ind1=" " ind2=" ">
    <subfield code="c">46532</subfield>
    <subfield code="d">46532</subfield>
  </datafield>
  <datafield tag="952" ind1=" " ind2=" ">
    <subfield code="0">0</subfield>
    <subfield code="1">0</subfield>
    <subfield code="2">ddc</subfield>
    <subfield code="4">0</subfield>
    <subfield code="7">1</subfield>
    <subfield code="a">L</subfield>
    <subfield code="b">L</subfield>
    <subfield code="d">2010-09-17</subfield>
    <subfield code="e">SED/VEN</subfield>
    <subfield code="l">0</subfield>
    <subfield code="p">GR-03203</subfield>
    <subfield code="r">2010-09-17 00:00:00</subfield>
    <subfield code="t">1</subfield>
    <subfield code="w">2010-09-17</subfield>
    <subfield code="y">GR</subfield>
  </datafield>
</record>
